[Event "XLIV Memoriał Szachowy Ludwika Zamenhofa 2025, Grupa A"]
[Site "Białystok, Poland"]
[Date "2025.12.28"]
[Round "4.24"]
[White "Haladaj, Adam"]
[Black "Flak, Pawel"]
[Result "1/2-1/2"]
[TimeControl "90'+30\""]
[WhiteElo "2062"]
[BlackElo "2113"]

1. e4 {[%clk 01:30:53]} {[%emt 00:00:07]} e6 {[%clk 01:30:59]} {[%emt
00:00:02]} 2. d4 {[%clk 01:30:22]} {[%emt 00:01:01]} b6 {[%clk 01:31:28]}
{[%emt 00:00:01]} 3. Nf3 {[%clk 01:30:18]} {[%emt 00:00:34]} Bb7 {[%clk
01:31:53]} {[%emt 00:00:05]} 4. Bd3 {[%clk 01:30:43]} {[%emt 00:00:04]} d6
{[%clk 01:31:10]} {[%emt 00:01:14]} 5. O-O {[%clk 01:30:49]} {[%emt 00:00:20]}
Nd7 {[%clk 01:31:38]} {[%emt 00:00:05]} 6. Qe2 {[%clk 01:30:48]} {[%emt
00:00:31]} e5 {[%clk 01:31:52]} {[%emt 00:00:17]} 7. dxe5 {[%clk 01:31:11]}
{[%emt 00:00:07]} dxe5 {[%clk 01:31:45]} {[%emt 00:00:36]} 8. b3 {[%clk
01:29:37]} {[%emt 00:02:05]} Ngf6 {[%clk 01:30:51]} {[%emt 00:01:23]} 9. Bb2
{[%clk 01:27:18]} {[%emt 00:02:50]} Bd6 {[%clk 01:31:18]} {[%emt 00:00:03]} 10.
Nbd2 {[%clk 01:26:30]} {[%emt 00:01:17]} O-O {[%clk 01:31:46]} {[%emt
00:00:02]} 11. Nc4 {[%clk 01:25:26]} {[%emt 00:01:35]} Qe7 {[%clk 01:31:19]}
{[%emt 00:00:56]} 12. Rad1 {[%clk 01:24:01]} {[%emt 00:01:55]} Nc5 {[%clk
01:30:19]} {[%emt 00:01:31]} 13. Nfxe5 {[%clk 01:12:26]} {[%emt 00:12:05]}
Nfxe4 {[%clk 01:27:13]} {[%emt 00:03:35]} 14. Nxd6 {[%clk 01:02:46]} {[%emt
00:10:10]} cxd6 {[%clk 01:25:12]} {[%emt 00:02:31]} 15. Bxe4 {[%clk 00:58:45]}
{[%emt 00:04:32]} Nxe4 {[%clk 01:23:45]} {[%emt 00:01:57]} 16. Nc4 {[%clk
00:56:16]} {[%emt 00:02:59]} Qc7 {[%clk 01:19:12]} {[%emt 00:05:02]} 17. f3
{[%clk 00:53:42]} {[%emt 00:03:05]} d5 {[%clk 01:19:20]} {[%emt 00:00:21]} 18.
Ne3 {[%clk 00:53:30]} {[%emt 00:00:42]} Nc3 {[%clk 01:01:54]} {[%emt 00:17:57]}
19. Bxc3 {[%clk 00:53:44]} {[%emt 00:00:16]} Qxc3 {[%clk 01:02:22]} {[%emt
00:00:02]} 20. Nxd5 {[%clk 00:52:10]} {[%emt 00:02:04]} Bxd5 {[%clk 01:02:43]}
{[%emt 00:00:09]} 21. Rxd5 {[%clk 00:52:35]} {[%emt 00:00:04]} Rfe8 {[%clk
00:59:30]} {[%emt 00:03:45]} 22. Qd2 {[%clk 00:48:56]} {[%emt 00:04:09]} Rac8
{[%clk 00:59:07]} {[%emt 00:00:52]} 23. Qxc3 {[%clk 00:47:19]} {[%emt
00:02:07]} Rxc3 {[%clk 00:59:36]} {[%emt 00:00:02]} 24. Rd2 {[%clk 00:47:42]}
{[%emt 00:00:07]} g6 {[%clk 00:59:52]} {[%emt 00:00:14]} 25. g3 {[%clk
00:44:59]} {[%emt 00:03:11]} Rec8 {[%clk 00:57:04]} {[%emt 00:03:20]} 26. Rff2
{[%clk 00:45:23]} {[%emt 00:00:06]} b5 {[%clk 00:57:00]} {[%emt 00:00:34]} 27.
Kf1 {[%clk 00:44:18]} {[%emt 00:01:35]} R8c6 {[%clk 00:57:21]} {[%emt
00:00:09]} 28. Ke1 {[%clk 00:42:51]} {[%emt 00:01:57]} R3c5 {[%clk 00:54:39]}
{[%emt 00:03:11]} 29. Rd4 {[%clk 00:31:43]} {[%emt 00:11:39]} Rxc2 {[%clk
00:54:04]} {[%emt 00:01:04]} 30. Rxc2 {[%clk 00:32:09]} {[%emt 00:00:05]} Rxc2
{[%clk 00:54:31]} {[%emt 00:00:03]} 31. Rd2 {[%clk 00:32:34]} {[%emt 00:00:04]}
Rc1+ {[%clk 00:51:51]} {[%emt 00:03:10]} 1/2-1/2

[Event "XLIV Memoriał Szachowy Ludwika Zamenhofa 2025, Grupa A"]
[Site "Białystok, Poland"]
[Date "2025.12.29"]
[Round "5.1"]
[White "Piesik, Piotr"]
[Black "Terkiewicz, Bruno"]
[Result "1-0"]
[TimeControl "90'+30\""]
[WhiteElo "2407"]
[BlackElo "2211"]

1. d4 {[%clk 01:30:45]} {[%emt 00:00:15]} Nf6 {[%clk 01:30:50]} {[%emt
00:00:11]} 2. c4 {[%clk 01:31:02]} {[%emt 00:00:13]} c6 {[%clk 01:31:15]}
{[%emt 00:00:04]} 3. Nc3 {[%clk 01:30:43]} {[%emt 00:00:50]} d5 {[%clk
01:31:40]} {[%emt 00:00:05]} 4. e3 {[%clk 01:30:23]} {[%emt 00:00:50]} e6
{[%clk 01:32:03]} {[%emt 00:00:06]} 5. Nf3 {[%clk 01:30:40]} {[%emt 00:00:14]}
Nbd7 {[%clk 01:32:28]} {[%emt 00:00:04]} 6. Bd3 {[%clk 01:30:33]} {[%emt
00:00:38]} dxc4 {[%clk 01:32:51]} {[%emt 00:00:06]} 7. Bxc4 {[%clk 01:30:57]}
{[%emt 00:00:06]} b5 {[%clk 01:33:18]} {[%emt 00:00:03]} 8. Bd3 {[%clk
01:31:23]} {[%emt 00:00:06]} a6 {[%clk 01:33:43]} {[%emt 00:00:03]} 9. e4
{[%clk 01:29:28]} {[%emt 00:02:25]} c5 {[%clk 01:33:53]} {[%emt 00:00:21]} 10.
e5 {[%clk 01:29:32]} {[%emt 00:00:26]} cxd4 {[%clk 01:34:13]} {[%emt 00:00:09]}
11. Nxb5 {[%clk 01:29:50]} {[%emt 00:00:13]} axb5 {[%clk 01:34:29]} {[%emt
00:00:13]} 12. exf6 {[%clk 01:30:16]} {[%emt 00:00:05]} gxf6 {[%clk 01:34:32]}
{[%emt 00:00:27]} 13. O-O {[%clk 01:30:07]} {[%emt 00:00:39]} Qb6 {[%clk
01:34:01]} {[%emt 00:01:00]} 14. Qe2 {[%clk 01:29:23]} {[%emt 00:01:14]} b4
{[%clk 01:34:08]} {[%emt 00:00:23]} 15. Rd1 {[%clk 01:28:35]} {[%emt 00:01:19]}
Bc5 {[%clk 01:34:14]} {[%emt 00:00:23]} 16. Bf4 {[%clk 01:23:32]} {[%emt
00:05:34]} h5 {[%clk 01:31:39]} {[%emt 00:03:04]} 17. Rac1 {[%clk 01:06:59]}
{[%emt 00:17:03]} Kf8 {[%clk 01:26:15]} {[%emt 00:05:55]} 18. Be4 {[%clk
00:53:47]} {[%emt 00:13:41]} Ba6 {[%clk 01:21:00]} {[%emt 00:05:45]} 19. Qd2
{[%clk 00:50:25]} {[%emt 00:03:53]} Rd8 {[%clk 01:15:04]} {[%emt 00:06:26]} 20.
Nxd4 {[%clk 00:45:52]} {[%emt 00:05:03]} Bxd4 {[%clk 01:04:27]} {[%emt
00:11:06]} 21. Bc7 {[%clk 00:42:19]} {[%emt 00:04:04]} Bc3 {[%clk 01:04:47]}
{[%emt 00:00:09]} 22. Bxb6 {[%clk 00:39:12]} {[%emt 00:03:37]} Bxd2 {[%clk
01:05:12]} {[%emt 00:00:05]} 23. Rxd2 {[%clk 00:39:38]} {[%emt 00:00:05]} Rc8
{[%clk 01:05:28]} {[%emt 00:00:14]} 24. Rxc8+ {[%clk 00:39:39]} {[%emt
00:00:29]} Bxc8 {[%clk 01:05:56]} {[%emt 00:00:02]} 25. Ba5 {[%clk 00:39:59]}
{[%emt 00:00:09]} b3 {[%clk 01:05:56]} {[%emt 00:00:31]} 26. axb3 {[%clk
00:39:42]} {[%emt 00:00:48]} Kg7 {[%clk 01:05:53]} {[%emt 00:00:31]} 27. Bc2
{[%clk 00:34:13]} {[%emt 00:05:59]} h4 {[%clk 01:03:16]} {[%emt 00:03:08]} 28.
h3 {[%clk 00:33:05]} {[%emt 00:01:38]} Rh5 {[%clk 01:01:56]} {[%emt 00:01:49]}
29. Bc3 {[%clk 00:33:07]} {[%emt 00:00:29]} Nb6 {[%clk 01:01:28]} {[%emt
00:00:57]} 30. Rd8 {[%clk 00:31:02]} {[%emt 00:02:35]} Rc5 {[%clk 00:57:52]}
{[%emt 00:04:06]} 31. Be4 {[%clk 00:29:37]} {[%emt 00:01:56]} e5 {[%clk
00:55:29]} {[%emt 00:02:53]} 32. Rd6 {[%clk 00:28:09]} {[%emt 00:01:58]} Rb5
{[%clk 00:52:48]} {[%emt 00:03:11]} 33. b4 {[%clk 00:25:31]} {[%emt 00:03:08]}
Na4 {[%clk 00:49:58]} {[%emt 00:03:20]} 34. Bc6 {[%clk 00:22:59]} {[%emt
00:03:02]} Rb6 {[%clk 00:50:15]} {[%emt 00:00:13]} 35. b5 {[%clk 00:23:20]}
{[%emt 00:00:10]} Nxc3 {[%clk 00:49:52]} {[%emt 00:00:54]} 36. bxc3 {[%clk
00:23:45]} {[%emt 00:00:04]} Be6 {[%clk 00:50:08]} {[%emt 00:00:14]} 37. Rd2
{[%clk 00:23:49]} {[%emt 00:00:26]} Kf8 {[%clk 00:50:08]} {[%emt 00:00:30]} 38.
Rb2 {[%clk 00:23:23]} {[%emt 00:00:56]} Ke7 {[%clk 00:50:26]} {[%emt 00:00:12]}
39. Rb4 {[%clk 00:23:35]} {[%emt 00:00:18]} Kd6 {[%clk 00:50:43]} {[%emt
00:00:12]} 40. Rxh4 {[%clk 00:23:54]} {[%emt 00:00:11]} Kc5 {[%clk 00:51:02]}
{[%emt 00:00:11]} 41. Rh8 {[%clk 00:23:00]} {[%emt 00:01:24]} Bc4 {[%clk
00:50:21]} {[%emt 00:01:12]} 42. Rf8 {[%clk 00:21:09]} {[%emt 00:02:21]} Bxb5
{[%clk 00:50:19]} {[%emt 00:00:31]} 43. Bxb5 {[%clk 00:21:33]} {[%emt
00:00:06]} Kxb5 {[%clk 00:50:46]} {[%emt 00:00:04]} 44. Rxf7 {[%clk 00:21:58]}
{[%emt 00:00:05]} Kc4 {[%clk 00:51:00]} {[%emt 00:00:15]} 45. Rc7+ {[%clk
00:21:30]} {[%emt 00:00:58]} Kd3 {[%clk 00:51:23]} {[%emt 00:00:07]} 46. g4
{[%clk 00:19:56]} {[%emt 00:02:05]} Ke4 {[%clk 00:50:41]} {[%emt 00:01:12]} 47.
Kg2 {[%clk 00:20:17]} {[%emt 00:00:09]} Kf4 {[%clk 00:50:53]} {[%emt 00:00:18]}
48. Rc4+ {[%clk 00:20:22]} {[%emt 00:00:26]} e4 {[%clk 00:51:01]} {[%emt
00:00:21]} 49. Rc5 {[%clk 00:20:46]} {[%emt 00:00:05]} e3 {[%clk 00:50:55]}
{[%emt 00:00:36]} 50. Rc4+ {[%clk 00:21:11]} {[%emt 00:00:06]} 1-0

[Event "XLIV Memoriał Szachowy Ludwika Zamenhofa 2025, Grupa A"]
[Site "Białystok, Poland"]
[Date "2025.12.29"]
[Round "5.2"]
[White "Psyk, Radoslaw"]
[Black "Turski, Bartlomiej"]
[Result "1-0"]
[TimeControl "90'+30\""]
[WhiteElo "2504"]
[BlackElo "2411"]

1. e4 {[%clk 01:22:26]} {[%emt 00:08:33]} e5 {[%clk 01:30:55]} {[%emt
00:00:06]} 2. Nf3 {[%clk 01:22:08]} {[%emt 00:00:48]} Nc6 {[%clk 01:31:20]}
{[%emt 00:00:05]} 3. Bb5 {[%clk 01:18:00]} {[%emt 00:04:38]} Nf6 {[%clk
01:31:43]} {[%emt 00:00:07]} 4. O-O {[%clk 01:16:18]} {[%emt 00:02:12]} Nxe4
{[%clk 01:32:07]} {[%emt 00:00:06]} 5. Re1 {[%clk 01:16:12]} {[%emt 00:00:37]}
Nd6 {[%clk 01:32:32]} {[%emt 00:00:04]} 6. Nxe5 {[%clk 01:16:05]} {[%emt
00:00:36]} Nxe5 {[%clk 01:32:56]} {[%emt 00:00:06]} 7. Rxe5+ {[%clk 01:16:32]}
{[%emt 00:00:03]} Be7 {[%clk 01:33:19]} {[%emt 00:00:07]} 8. Bf1 {[%clk
01:16:21]} {[%emt 00:00:41]} O-O {[%clk 01:33:44]} {[%emt 00:00:05]} 9. d4
{[%clk 01:16:30]} {[%emt 00:00:22]} Bf6 {[%clk 01:34:07]} {[%emt 00:00:06]} 10.
Re2 {[%clk 01:16:10]} {[%emt 00:00:50]} Re8 {[%clk 01:33:55]} {[%emt 00:00:42]}
11. Bf4 {[%clk 01:12:02]} {[%emt 00:04:38]} Rxe2 {[%clk 01:34:18]} {[%emt
00:00:06]} 12. Qxe2 {[%clk 01:12:24]} {[%emt 00:00:08]} Ne8 {[%clk 01:31:26]}
{[%emt 00:03:23]} 13. Nc3 {[%clk 01:12:14]} {[%emt 00:00:40]} d6 {[%clk
01:30:17]} {[%emt 00:01:39]} 14. Re1 {[%clk 00:50:02]} {[%emt 00:22:42]} Be6
{[%clk 01:21:29]} {[%emt 00:09:18]} 15. Ne4 {[%clk 00:44:41]} {[%emt 00:05:52]}
Be7 {[%clk 01:05:16]} {[%emt 00:16:44]} 16. Qb5 {[%clk 00:40:11]} {[%emt
00:05:00]} d5 {[%clk 01:00:04]} {[%emt 00:05:41]} 17. Nc5 {[%clk 00:37:29]}
{[%emt 00:03:12]} Bxc5 {[%clk 01:00:26]} {[%emt 00:00:08]} 18. dxc5 {[%clk
00:34:35]} {[%emt 00:03:24]} Qc8 {[%clk 01:00:13]} {[%emt 00:00:43]} 19. c6
{[%clk 00:32:53]} {[%emt 00:02:12]} Rb8 {[%clk 00:57:35]} {[%emt 00:03:08]} 20.
b3 {[%clk 00:29:46]} {[%emt 00:03:38]} Nd6 {[%clk 00:55:41]} {[%emt 00:02:23]}
21. cxb7 {[%clk 00:19:25]} {[%emt 00:10:52]} Qxb7 {[%clk 00:54:26]} {[%emt
00:01:44]} 22. Qxb7 {[%clk 00:16:20]} {[%emt 00:03:36]} Rxb7 {[%clk 00:54:54]}
{[%emt 00:00:01]} 23. Bxd6 {[%clk 00:12:20]} {[%emt 00:04:30]} cxd6 {[%clk
00:55:05]} {[%emt 00:00:20]} 24. Bd3 {[%clk 00:11:25]} {[%emt 00:01:25]} g6
{[%clk 00:54:50]} {[%emt 00:00:45]} 25. f4 {[%clk 00:10:55]} {[%emt 00:01:01]}
Kf8 {[%clk 00:54:13]} {[%emt 00:01:06]} 26. Kf2 {[%clk 00:11:21]} {[%emt
00:00:05]} a5 {[%clk 00:53:30]} {[%emt 00:01:12]} 27. a3 {[%clk 00:10:51]}
{[%emt 00:01:00]} Ke7 {[%clk 00:47:53]} {[%emt 00:06:07]} 28. Ke3 {[%clk
00:11:11]} {[%emt 00:00:11]} Kd7 {[%clk 00:46:51]} {[%emt 00:01:32]} 29. Kd4
{[%clk 00:11:29]} {[%emt 00:00:11]} Rb8 {[%clk 00:46:27]} {[%emt 00:00:54]} 30.
g3 {[%clk 00:09:41]} {[%emt 00:02:19]} Rb7 {[%clk 00:45:53]} {[%emt 00:01:04]}
31. Rf1 {[%clk 00:09:56]} {[%emt 00:00:15]} Ke7 {[%clk 00:43:29]} {[%emt
00:02:53]} 32. Rb1 {[%clk 00:08:27]} {[%emt 00:01:58]} Rb8 {[%clk 00:41:51]}
{[%emt 00:02:09]} 33. Rb2 {[%clk 00:07:46]} {[%emt 00:01:11]} Kd7 {[%clk
00:41:48]} {[%emt 00:00:33]} 34. Be2 {[%clk 00:07:53]} {[%emt 00:00:24]} Bf5
{[%clk 00:40:33]} {[%emt 00:01:45]} 35. Kxd5 {[%clk 00:07:40]} {[%emt
00:00:43]} Kc7 {[%clk 00:40:29]} {[%emt 00:00:33]} 36. Bd3 {[%clk 00:06:37]}
{[%emt 00:01:33]} Re8 {[%clk 00:40:22]} {[%emt 00:00:37]} 37. Bxf5 {[%clk
00:06:07]} {[%emt 00:01:00]} gxf5 {[%clk 00:40:19]} {[%emt 00:00:34]} 38. c3
{[%clk 00:04:58]} {[%emt 00:01:39]} Re1 {[%clk 00:40:08]} {[%emt 00:00:40]} 39.
Rd2 {[%clk 00:02:58]} {[%emt 00:02:31]} h5 {[%clk 00:38:15]} {[%emt 00:02:22]}
40. a4 {[%clk 00:02:19]} {[%emt 00:01:09]} Re4 {[%clk 00:36:27]} {[%emt
00:02:18]} 41. Rd3 {[%clk 00:02:23]} {[%emt 00:00:26]} Kd7 {[%clk 00:35:47]}
{[%emt 00:01:10]} 42. h4 {[%clk 00:01:43]} {[%emt 00:01:09]} f6 {[%clk
00:34:12]} {[%emt 00:02:06]} 43. c4 {[%clk 00:01:24]} {[%emt 00:00:49]} Kc7
{[%clk 00:32:23]} {[%emt 00:02:19]} 44. Rc3 {[%clk 00:01:35]} {[%emt 00:00:20]}
Re1 {[%clk 00:29:10]} {[%emt 00:03:42]} 45. c5 {[%clk 00:01:51]} {[%emt
00:00:14]} Rd1+ {[%clk 00:29:30]} {[%emt 00:00:09]} 46. Ke6 {[%clk 00:01:59]}
{[%emt 00:00:22]} d5 {[%clk 00:29:57]} {[%emt 00:00:04]} 47. Kxf5 {[%clk
00:01:23]} {[%emt 00:01:05]} Kc6 {[%clk 00:29:46]} {[%emt 00:00:41]} 48. Kxf6
{[%clk 00:01:35]} {[%emt 00:00:18]} d4 {[%clk 00:29:56]} {[%emt 00:00:19]} 49.
Rc4 {[%clk 00:01:55]} {[%emt 00:00:11]} d3 {[%clk 00:30:10]} {[%emt 00:00:16]}
50. Rc3 {[%clk 00:01:04]} {[%emt 00:01:22]} d2 {[%clk 00:29:58]} {[%emt
00:00:41]} 51. Rc2 {[%clk 00:01:25]} {[%emt 00:00:10]} Kd5 {[%clk 01:30:30]}
{[%emt 00:00:06]} 1-0

[Event "XLIV Memoriał Szachowy Ludwika Zamenhofa 2025, Grupa A"]
[Site "Białystok, Poland"]
[Date "2025.12.29"]
[Round "5.3"]
[White "Niedbala, Bartlomiej"]
[Black "Nasuta, Grzegorz"]
[Result "1/2-1/2"]
[TimeControl "90'+30\""]
[WhiteElo "2380"]
[BlackElo "2498"]

1. d4 {[%clk 01:25:07]} {[%emt 00:05:45]} Nf6 {[%clk 01:30:56]} {[%emt
00:00:12]} 2. c4 {[%clk 01:25:16]} {[%emt 00:00:20]} g6 {[%clk 01:31:21]}
{[%emt 00:00:06]} 3. Nc3 {[%clk 01:25:40]} {[%emt 00:00:05]} d5 {[%clk
01:31:46]} {[%emt 00:00:06]} 4. cxd5 {[%clk 01:25:14]} {[%emt 00:00:56]} Nxd5
{[%clk 01:32:10]} {[%emt 00:00:05]} 5. Bd2 {[%clk 01:25:18]} {[%emt 00:00:26]}
c5 {[%clk 01:30:52]} {[%emt 00:01:49]} 6. Rc1 {[%clk 01:23:47]} {[%emt
00:01:58]} Nc6 {[%clk 01:26:18]} {[%emt 00:05:06]} 7. dxc5 {[%clk 01:23:21]}
{[%emt 00:00:55]} Bg7 {[%clk 01:26:17]} {[%emt 00:00:32]} 8. Qa4 {[%clk
01:21:56]} {[%emt 00:01:55]} O-O {[%clk 01:21:30]} {[%emt 00:05:18]} 9. Nf3
{[%clk 01:21:19]} {[%emt 00:01:05]} Nxc3 {[%clk 01:20:38]} {[%emt 00:01:24]} 10.
Bxc3 {[%clk 01:20:58]} {[%emt 00:00:51]} Bxc3+ {[%clk 01:21:01]} {[%emt
00:00:07]} 11. Rxc3 {[%clk 01:20:01]} {[%emt 00:01:25]} b5 {[%clk 01:20:47]}
{[%emt 00:00:44]} 12. cxb6 {[%clk 01:00:03]} {[%emt 00:20:29]} Bb7 {[%clk
01:19:59]} {[%emt 00:01:19]} 13. e3 {[%clk 00:54:15]} {[%emt 00:06:17]} axb6
{[%clk 01:19:20]} {[%emt 00:01:09]} 1/2-1/2

[Event "XLIV Memoriał Szachowy Ludwika Zamenhofa 2025, Grupa A"]
[Site "Białystok, Poland"]
[Date "2025.12.29"]
[Round "5.4"]
[White "Mayorau, Mikita"]
[Black "Salna, Aleksandras"]
[Result "0-1"]
[TimeControl "90'+30\""]
[WhiteElo "2472"]
[BlackElo "2290"]

1. d4 {[%clk 01:27:10]} {[%emt 00:03:49]} d5 {[%clk 01:29:14]} {[%emt
00:01:47]} 2. c4 {[%clk 01:27:33]} {[%emt 00:00:07]} c6 {[%clk 01:29:32]}
{[%emt 00:00:11]} 3. Nc3 {[%clk 01:27:57]} {[%emt 00:00:06]} Nf6 {[%clk
01:29:13]} {[%emt 00:00:50]} 4. e3 {[%clk 01:28:20]} {[%emt 00:00:07]} Bf5
{[%clk 01:28:30]} {[%emt 00:01:12]} 5. cxd5 {[%clk 01:27:33]} {[%emt 00:01:17]}
cxd5 {[%clk 01:28:32]} {[%emt 00:00:28]} 6. Qb3 {[%clk 01:27:59]} {[%emt
00:00:05]} Nc6 {[%clk 01:28:23]} {[%emt 00:00:39]} 7. Qxb7 {[%clk 01:27:46]}
{[%emt 00:00:43]} Bd7 {[%clk 01:28:43]} {[%emt 00:00:10]} 8. Qb3 {[%clk
01:28:12]} {[%emt 00:00:03]} Rb8 {[%clk 01:28:48]} {[%emt 00:00:26]} 9. Qd1
{[%clk 01:28:35]} {[%emt 00:00:07]} e5 {[%clk 01:29:08]} {[%emt 00:00:10]} 10.
dxe5 {[%clk 01:28:38]} {[%emt 00:00:27]} Nxe5 {[%clk 01:29:13]} {[%emt
00:00:25]} 11. Be2 {[%clk 01:28:58]} {[%emt 00:00:10]} Bd6 {[%clk 01:28:52]}
{[%emt 00:00:51]} 12. Nf3 {[%clk 01:29:20]} {[%emt 00:00:08]} Nxf3+ {[%clk
01:28:12]} {[%emt 00:01:10]} 13. Bxf3 {[%clk 01:29:44]} {[%emt 00:00:06]} O-O
{[%clk 01:28:04]} {[%emt 00:00:38]} 14. O-O {[%clk 01:28:53]} {[%emt 00:01:21]}
Qc7 {[%clk 01:28:08]} {[%emt 00:00:26]} 15. h3 {[%clk 01:22:10]} {[%emt
00:07:12]} Bh2+ {[%clk 01:23:59]} {[%emt 00:04:40]} 16. Kh1 {[%clk 01:22:34]}
{[%emt 00:00:05]} Be5 {[%clk 01:24:23]} {[%emt 00:00:06]} 17. Nxd5 {[%clk
01:10:10]} {[%emt 00:12:54]} Nxd5 {[%clk 01:24:44]} {[%emt 00:00:10]} 18. Bxd5
{[%clk 01:10:33]} {[%emt 00:00:06]} Rfd8 {[%clk 01:23:10]} {[%emt 00:02:04]} 19.
e4 {[%clk 01:08:00]} {[%emt 00:03:04]} Be6 {[%clk 01:21:26]} {[%emt 00:02:14]}
20. Bg5 {[%clk 00:58:38]} {[%emt 00:09:51]} Rd6 {[%clk 01:16:06]} {[%emt
00:05:49]} 21. Rc1 {[%clk 00:52:41]} {[%emt 00:06:29]} Qd7 {[%clk 01:15:11]}
{[%emt 00:01:25]} 22. Bxe6 {[%clk 00:37:35]} {[%emt 00:15:36]} Qxe6 {[%clk
01:12:49]} {[%emt 00:02:51]} 23. Qg4 {[%clk 00:37:49]} {[%emt 00:00:16]} h6
{[%clk 01:11:25]} {[%emt 00:01:54]} 24. Qxe6 {[%clk 00:36:44]} {[%emt
00:01:35]} Rxe6 {[%clk 01:11:50]} {[%emt 00:00:05]} 25. Be3 {[%clk 00:37:10]}
{[%emt 00:00:03]} Rxb2 {[%clk 01:00:49]} {[%emt 00:11:32]} 26. a4 {[%clk
00:36:34]} {[%emt 00:01:06]} Rb4 {[%clk 00:55:59]} {[%emt 00:05:19]} 27. a5
{[%clk 00:36:59]} {[%emt 00:00:06]} Bd4 {[%clk 00:52:24]} {[%emt 00:04:05]} 28.
Bxd4 {[%clk 00:35:59]} {[%emt 00:01:31]} Rxd4 {[%clk 00:52:47]} {[%emt
00:00:06]} 29. Rc8+ {[%clk 00:36:04]} {[%emt 00:00:24]} Kh7 {[%clk 00:53:12]}
{[%emt 00:00:06]} 30. f3 {[%clk 00:36:17]} {[%emt 00:00:17]} Re5 {[%clk
00:49:46]} {[%emt 00:03:56]} 31. Rc7 {[%clk 00:30:21]} {[%emt 00:06:26]} f5
{[%clk 00:48:15]} {[%emt 00:02:01]} 32. Rb1 {[%clk 00:20:52]} {[%emt 00:09:59]}
fxe4 {[%clk 00:47:49]} {[%emt 00:00:56]} 33. f4 {[%clk 00:21:10]} {[%emt
00:00:12]} Re8 {[%clk 00:25:41]} {[%emt 00:22:38]} 34. Rbb7 {[%clk 00:21:33]}
{[%emt 00:00:07]} Kg6 {[%clk 00:22:25]} {[%emt 00:03:45]} 35. Rxg7+ {[%clk
00:16:59]} {[%emt 00:05:05]} Kf5 {[%clk 00:22:52]} {[%emt 00:00:03]} 36. Rgf7+
{[%clk 00:16:38]} {[%emt 00:00:50]} Ke6 {[%clk 00:23:18]} {[%emt 00:00:04]} 37.
f5+ {[%clk 00:13:02]} {[%emt 00:04:06]} Ke5 {[%clk 00:23:35]} {[%emt 00:00:14]}
38. Rxa7 {[%clk 00:09:44]} {[%emt 00:03:48]} e3 {[%clk 00:18:47]} {[%emt
00:05:18]} 39. Kh2 {[%clk 00:02:13]} {[%emt 00:08:01]} Re4 {[%clk 00:17:44]}
{[%emt 00:01:33]} 40. Rfe7+ {[%clk 00:00:52]} {[%emt 00:01:51]} Kxf5 {[%clk
00:16:38]} {[%emt 00:01:36]} 41. Rxe8 {[%clk 00:00:39]} {[%emt 00:00:42]} Rxe8
{[%clk 00:17:02]} {[%emt 00:00:07]} 42. Rf7+ {[%clk 00:01:00]} {[%emt
00:00:08]} Ke6 {[%clk 00:16:01]} {[%emt 00:01:32]} 43. Rf1 {[%clk 00:00:49]}
{[%emt 00:00:41]} e2 {[%clk 00:14:22]} {[%emt 00:02:09]} 44. Re1 {[%clk
00:01:00]} {[%emt 00:00:19]} Kd5 {[%clk 00:14:48]} {[%emt 00:00:04]} 45. a6
{[%clk 00:00:32]} {[%emt 00:00:58]} Kd4 {[%clk 00:15:09]} {[%emt 00:00:08]} 46.
a7 {[%clk 00:00:50]} {[%emt 00:00:12]} Kd3 {[%clk 00:13:54]} {[%emt 00:01:44]}
47. Rb1 {[%clk 00:00:37]} {[%emt 00:00:44]} Ra8 {[%clk 00:14:12]} {[%emt
00:00:12]} 48. Rb3+ {[%clk 00:00:31]} {[%emt 00:00:36]} Kd4 {[%clk 00:14:12]}
{[%emt 00:00:29]} 49. Rb1 {[%clk 00:00:53]} {[%emt 00:00:09]} Rxa7 {[%clk
00:14:12]} {[%emt 00:00:30]} 50. Kg3 {[%clk 00:00:51]} {[%emt 00:00:32]} Rf7
{[%clk 00:14:00]} {[%emt 00:00:42]} 0-1